Planeamiento de un sistema de administración de inventarios
Gorde:
| Egile nagusia: | |
|---|---|
| Beste egile batzuk: | |
| Formatua: | Liburua |
| Argitaratua: |
San José, C.R
2001
|
| Gaiak: | |
| Etiketak: |
Etiketa erantsi
Etiketarik gabe, Izan zaitez lehena erregistro honi etiketa jartzen!
|
MARC
| LEADER | 00000nam a2200000Ia 4500 | ||
|---|---|---|---|
| 003 | 008802 | ||
| 005 | 20221231144200.0 | ||
| 008 | 140114s2001 cr a m 000 ||s d | ||
| 040 | |c cru CEDI | ||
| 090 | |a TFG 4361 | ||
| 100 | |a Elizondo S, Chris |9 7680 | ||
| 245 | |a Planeamiento de un sistema de administración de inventarios | ||
| 260 | |c 2001 |a San José, C.R | ||
| 300 | |a ix, 150 hojas : ilustraciones | ||
| 500 | |a Tesis (licenciatura en ingeniería industrial)--Universidad de Costa Rica. Facultad de Ingeniería. Escuela de Ingeniería Industrial | ||
| 650 | |x INVENTARIOS |x ADMINISTRACION |x PLANIFICACION |9 7681 | ||
| 700 | |9 7679 |a Pacheco Contreras, Pricila | ||
| 942 | |c TFG | ||
| 999 | |c 18077 |d 18077 | ||
